Jazyk a politika : na pomedzí lingvistiky a politológie II. zborník príspevkov z 2. ročníka medzinárodnej vedeckej konferencie : 22.6.2017, Bratislava

Enregistré dans:
Détails bibliographiques
Collectivités auteurs: Jazyk a politika : na pomedzí lingvistiky a politológie II. Medzinárodná vedecká konferencia, Ekonomická univerzita v Bratislave. Fakulta aplikovaných jazykov, Slovenská akadémia vied. Ústav politických vied, Slovenská spoločnosť pre regionálnu politiku
Autres auteurs: Štefančík, Radoslav, 1976-, Repka, Richard, Ištok, Robert
Format: Livre
Langue:slovaque
anglais
allemand
Publié: Bratislava Vydavateľstvo EKONÓM 2017
Édition:1. vyd.
Sujets:
Tags: Ajouter un tag
Pas de tags, Soyez le premier à ajouter un tag!

MARC

LEADER 00000nam a2200000 4500
001 0237539
005 20240502073833.4
020 |a 978-80-225-4424-5 
041 0 |a slo 
041 0 |a eng 
041 0 |a ger 
044 |a SK 
245 1 0 |a Jazyk a politika : na pomedzí lingvistiky a politológie II.  |b zborník príspevkov z 2. ročníka medzinárodnej vedeckej konferencie : 22.6.2017, Bratislava  |c editor: Radoslav Štefančík ; recenzenti/reviewers: Richard Repka, Robert Ištok 
250 |a 1. vyd. 
264 1 |a Bratislava  |b Vydavateľstvo EKONÓM  |c 2017 
300 |a 591 s. [32,55 AH] 
610 2 0 |a jazykoveda 
610 2 0 |a gramatika 
610 2 0 |a politika 
610 2 0 |a politológia 
700 1 |a Štefančík, Radoslav, 1976- 
700 1 |a Repka, Richard 
700 1 |a Ištok, Robert 
110 2 |a Jazyk a politika : na pomedzí lingvistiky a politológie II. Medzinárodná vedecká konferencia 
710 2 |a Ekonomická univerzita v Bratislave. Fakulta aplikovaných jazykov 
710 2 |a Slovenská akadémia vied. Ústav politických vied 
710 2 |a Slovenská spoločnosť pre regionálnu politiku